60 permainan dalaman kecerdasan kinestetik

Bibliographic Details
Main Author: Faruq, Muhammad Muhyi 1975-
Other Authors: Siti Norhana Eshak
Format: Book
Language:English
Published: Kuala Lumpur Synergy Media [200?]
Edition:Malay ed..
Series:Siri perkembangan anak
Subjects:
LEADER 00846cam a2200265 a 4500
001 0000131712
005 20120321090000.0
040 |a mod 
041 |a eng 
020 |a 9789673229307 
090 0 0 |a 612.76  |b FAR 
100 1 |a Faruq, Muhammad Muhyi  |d 1975- 
245 1 0 |a 60 permainan dalaman kecerdasan kinestetik  |c Muhammad Muhyi Faruq  |f editor Siti Norhana Bt. Eshak 
250 |a Malay ed.. 
260 |a Kuala Lumpur  |b Synergy Media  |c [200?] 
300 |a viii, 119 p.  |b ill.  |c 23 cm 
490 0 |a Siri perkembangan anak 
504 |a Include bibliographical references 
650 0 0 |a Kinesiology 
650 0 0 |a Mind and body 
650 0 0 |a Educational games 
650 0 0 |a Learning, Psychology of 
700 0 |a Siti Norhana Eshak 
852 0 0 |a 01 
999 |a 0293111  |b PU KUCHING(TUDM KUCHING)  |d BOOKS  |e Umum  |f PU KUCHING(TUDM KUCHING)  |j AVAILABLE  |q GOOD CONDITION